| 000 | 00468nam a2200169 a 4500 | ||
|---|---|---|---|
| 005 | 20210219153614.0 | ||
| 008 | 010601s1990 ea r 000 0 eng d | ||
| 020 | _a1564966186 | ||
| 035 | _aUPN01000107309 | ||
| 049 | _aCE | ||
| 050 | 4 |
_aNC1002 _bL4.7 |
|
| 245 | 0 | 0 |
_aLetterhead & logo : _bdesign 6 / _cdesign Stoltze Design. |
| 260 |
_aGloucester [E.U.A.] : _bRockport, _c[1990?]. |
||
| 300 |
_a203 p. : _bil. col. |
||
| 650 | 4 |
_aMEMBRETES - _xDISEÑO |
|
| 905 | _aLibro | ||
| 999 |
_c81221 _d81221 |
||